Fitch & Chip : (Record no. 5732)

MARC details
000 -LEADER
fixed length control field 00924nam a22002897a 4500
001 - CONTROL NUMBER
control field 5732
003 - CONTROL NUMBER IDENTIFIER
control field FISKH
005 - DATE AND TIME OF LATEST TRANSACTION
control field 20250207112440.0
008 - FIXED-LENGTH DATA ELEMENTS--GENERAL INFORMATION
fixed length control field 250117b cb ||||| |||| 00| 0 eng d
020 ## - INTERNATIONAL STANDARD BOOK NUMBER
International Standard Book Number 9780965817080
040 ## - CATALOGING SOURCE
Original cataloging agency FISKH
Language of cataloging eng
Transcribing agency FISKH
Modifying agency FISKH
050 ## - LIBRARY OF CONGRESS CALL NUMBER
Classification number PZ7.W5657
082 ## - DEWEY DECIMAL CLASSIFICATION NUMBER
Classification number 451
100 ## - MAIN ENTRY--PERSONAL NAME
Personal name Wheeler, Lisa
245 ## - TITLE STATEMENT
Title Fitch & Chip :
Remainder of title When pigs fly /
Statement of responsibility, etc. Story by Lisa, Wheeler ; Pictures by Frank Ansley
260 ## - PUBLICATION, DISTRIBUTION, ETC.
Place of publication, distribution, etc. New York :
Name of publisher, distributor, etc. Atheneum Books for Young Readers,
Date of publication, distribution, etc. 2003.
300 ## - PHYSICAL DESCRIPTION
Extent 48 pages :
Other physical details color illustrations ;
Dimensions 23 cm
490 ## - SERIES STATEMENT
Series statement Ready to read
Volume/sequential designation Level 3
505 ## - FORMATTED CONTENTS NOTE
Formatted contents note G<br/>
520 ## - SUMMARY, ETC.
Summary, etc. Fitch and Chip learn that you do not have to wear a cape to be a hero.<br/>
521 8# - TARGET AUDIENCE NOTE
Target audience note 400<br/>
Source Lexile estimate <br/>
521 8# - TARGET AUDIENCE NOTE
Target audience note G<br/>
Source Raz-Plus <br/>
650 ## - SUBJECT ADDED ENTRY--TOPICAL TERM
Topical term or geographic name entry element Animal Stories
Form subdivision Picture Book Readers
700 ## - ADDED ENTRY--PERSONAL NAME
Personal name Ansley, Frank
Dates associated with a name illustrator
942 ## - ADDED ENTRY ELEMENTS (KOHA)
Source of classification or shelving scheme Dewey Decimal Classification
Koha item type Books
Suppress in OPAC No
Holdings
Withdrawn status Lost status Source of classification or shelving scheme Damaged status Not for loan Collection Home library Current library Shelving location Date acquired Total Checkouts Full call number Barcode Date last seen Date last checked out Price effective from Koha item type Copy number
    Dewey Decimal Classification     Juvenile Fiction Footprints International School Library Network Toul Kork Campus Footprints International School Library Network Toul Kork Campus TK Primary Library Room(4th Floor), Bookcase 7, Shelves 57-60, Dark Green Books 01/17/2025 1 WHE 451 PZ7.W5657 FISTK01078 05/28/2025 03/05/2025 01/17/2025 Books  
    Dewey Decimal Classification     Juvenile Fiction Footprints International School Library Network Toul Kork Campus Footprints International School Library Network Toul Kork Campus TTP Primary Green Bookshelves 02/07/2025   WHE 451 PZ7.W5657 2025-0447 02/07/2025   02/07/2025 Books 2